| 000 | 00327nam a22001217a 4500 | ||
|---|---|---|---|
| 082 |
_a823 _bBLY/F |
||
| 100 | _aBLYTON, ENID | ||
| 245 | _aFAMOUS FIVE GO ON TO MYSTERY MOON | ||
| 246 |
_aFAMOUS FIVE GO ON TO MYSTERY MOON _bFAMOUS FIVE GO ON TO MYSTERY MOON |
||
| 260 |
_aU K _bHODDER _c1991 |
||
| 650 | _aENGLISH STORY | ||
| 942 | _cBK | ||
| 999 |
_c9025 _d9025 |
||